000 00896nam a2200253Ia 4500
003 GCL
005 20240530102218.0
008 140319s9999 xx 000 0 ara d
040 _aGCL /
_cGCL
082 0 4 _a415.1
_bز ج
100 1 _aزين كامل الخويسكى
245 1 0 _aالجملة الفعلية بسيطة وموسعة ( دراسة تطبيقية على شعر المتنبى ) /
_cزين كامل الخويسكى
260 _a[ الاسكندرية ] :
_bمؤسسة شباب الجامعة ،
_c1987
300 _a473 ص ،
_b24 سم
650 0 4 _aالشعر العربى
650 0 4 _aالنحو
650 0 4 _aاللغة العربية
650 0 4 _aالمتنبى, ابو الطيب
650 0 4 _aالجملة الفعلية
650 0 4 _aالاستفهام
650 0 4 _aالنفى
700 1 _aمحمد مصطفى هدارة
_4تقديم
942 _2ddc
_cBK
999 _c30594
_d30594